Historia de la Educación. Edades Antigua y Media
Saved in:
| Hovedforfatter: | |
|---|---|
| Format: | Bog |
| Sprog: | spansk |
| Udgivet: |
Madrid, España:
Gredos,
1968
|
| Udgivelse: | Segunda edición |
| Serier: | Biblioteca Hispánica de Filosofía, 26
|
| Fag: | |
| Tags: |
Tilføj Tag
Ingen Tags, Vær først til at tagge denne postø!
|
MARC
| LEADER | 00000nam a2200000 a 4500 | ||
|---|---|---|---|
| 001 | UCY7739 | ||
| 003 | CL-VaPUC | ||
| 005 | 20220822114449.0 | ||
| 008 | 950616e19600000SP |||||||||||||||||spa|d | ||
| 999 | |c 435644 |d 435642 | ||
| 020 | |a 84-249-2081-3 | ||
| 040 | |c Pontificia Universidad Católica de Valparaíso | ||
| 082 | 0 | 4 | |a 370.09 GAL 1968 |2 21 |
| 100 | |a Galino Carrillo, María Ángeles |e autor |9 355933 | ||
| 245 | 1 | 0 | |a Historia de la Educación. |b Edades Antigua y Media |
| 250 | |a Segunda edición | ||
| 260 | |a Madrid, España: |b Gredos, |c 1968 | ||
| 300 | |a 596 páginas | ||
| 490 | 0 | |a Biblioteca Hispánica de Filosofía, 26 | |
| 500 | |a c.1 Donación Familia Prof. Alejandro Guzmán Brito | ||
| 583 | |a last modification |c 20170925 04:11:57 |k Catalogador Asistente | ||
| 650 | 0 | |a Historia de la educación |9 257642 | |
| 650 | 7 | |a Edad antigua |2 CL-VaPUC |9 338313 | |
| 650 | 0 | |a Edad media |9 258041 | |
| 650 | 0 | |a Filosofía de la educación |9 258384 | |
| 650 | 0 | |a Educación religiosa |9 308312 | |
| 650 | 0 | |a Universidades |9 256317 | |
| 942 | |c BK |2 ddc |n 0 | ||
| 945 | |d 19950616 00:00:00 |a lriquelm | ||